[Event "Crema op 15th"]
[Site "Crema"]
[Date "2013.08.30"]
[Round "1"]
[White "Fiammetti, Gianluca"]
[Black "Bongiorni, Gabriele"]
[Result "0-1"]
[WhiteElo "1467"]
[BlackElo "1806"]
[PlyCount "84"]
[EventDate "2013.08.30"]
[EventType "swiss"]
[EventRounds "6"]
[EventCountry "ITA"]
[SourceTitle "EXT 2015"]
[Source "ChessBase"]
[SourceDate "2014.11.20"]
[SourceVersion "1"]
[SourceVersionDate "2014.11.20"]
[SourceQuality "1"]

1. e4 c5 2. c4 g6 3. Nc3 Bg7 4. g3 Nc6 5. Bg2 d6 6. Nge2 Nf6 7. d3 Bd7 8. 0-0 Qc8 9. Be3 Bh3 10. Qc1 Bxg2 11. Kxg2 h5 12. Bg5 Ne5 13. Qd2 Nh7 14. Nd5 Nxg5 15. Qxg5 Qd7 16. Qd2 h4 17. Rh1 h3+ 18. Kf1 Rc8 19. Rb1 Qg4 20. Qf4 Qxf4 21. Nexf4 g5 22. Ne2 Nxd3 23. Ne3 b6 24. Nf5 Bxb2 25. a3 Bd4 26. Nfxd4 cxd4 27. Rd1 Ne5 28. Rxd4 Rxc4 29. Rxc4 Nxc4 30. a4 Nd2+ 31. Ke1 Nxe4 32. Nd4 Kd7 33. Ke2 Rc8 34. Ke3 Nf6 35. Rd1 Ng4+ 36. Ke2 Rc4 37. Nf3 Rxa4 38. Nxg5 Nxh2 39. Nxh3 Ra2+ 40. Ke3 Ng4+ 41. Kf3 f5 42. Kg2 Ne3+ 0-1